<?xml version="1.0" encoding="UTF-8"?>
<record
    xmlns:xsi="http://www.w3.org/2001/XMLSchema-instance"
    xsi:schemaLocation="http://www.loc.gov/MARC21/slim http://www.loc.gov/standards/marcxml/schema/MARC21slim.xsd"
    xmlns="http://www.loc.gov/MARC21/slim">

  <leader>00905nam a22001937a 4500</leader>
  <controlfield tag="008">110908t        xxu||||| |||| 00| 0 eng d</controlfield>
  <datafield tag="020" ind1=" " ind2=" ">
    <subfield code="a">0072998344 </subfield>
  </datafield>
  <datafield tag="050" ind1=" " ind2=" ">
    <subfield code="a">D20 .B42 </subfield>
  </datafield>
  <datafield tag="100" ind1=" " ind2=" ">
    <subfield code="a">Bentley, Jerry H.,</subfield>
    <subfield code="q">Jerry H. Bentley</subfield>
  </datafield>
  <datafield tag="245" ind1=" " ind2=" ">
    <subfield code="a">Traditions &amp; encounters : a global perspective on the past vol B: From 1000 to 1800 / </subfield>
    <subfield code="c">Jerry H. Bentley, Herbert F. Ziegler</subfield>
  </datafield>
  <datafield tag="250" ind1=" " ind2=" ">
    <subfield code="a"> 3rd ed.</subfield>
  </datafield>
  <datafield tag="260" ind1=" " ind2=" ">
    <subfield code="a">Boston: </subfield>
    <subfield code="b">McGraw-Hill, </subfield>
    <subfield code="c">&#xA9;2006.</subfield>
  </datafield>
  <datafield tag="300" ind1=" " ind2=" ">
    <subfield code="a">xxxi, 776 + various pagings :</subfield>
    <subfield code="b">ill. (some col.), col. maps, ; </subfield>
    <subfield code="c"> 26 cm. </subfield>
  </datafield>
  <datafield tag="500" ind1=" " ind2=" ">
    <subfield code="a">Includes bibliographical references and index</subfield>
  </datafield>
  <datafield tag="505" ind1=" " ind2=" ">
    <subfield code="a">Contents: The Post classical era, 500 to 1000 C.E. 314 -- An Age of cross-cultural interaction, 1000 to 1500 C.E. 458 -- The Origins of global interdependence, 1500 to 1800 594.</subfield>
  </datafield>
  <datafield tag="650" ind1=" " ind2=" ">
    <subfield code="a">World history. </subfield>
    <subfield code="x">Intercultural communication </subfield>
    <subfield code="x">History. </subfield>
  </datafield>
  <datafield tag="700" ind1=" " ind2=" ">
    <subfield code="a">Ziegler, Herbert F.</subfield>
  </datafield>
  <datafield tag="942" ind1=" " ind2=" ">
    <subfield code="2">lcc</subfield>
    <subfield code="c">BK</subfield>
  </datafield>
  <datafield tag="999" ind1=" " ind2=" ">
    <subfield code="c">150</subfield>
    <subfield code="d">7650</subfield>
  </datafield>
  <datafield tag="952" ind1=" " ind2=" ">
    <subfield code="0">0</subfield>
    <subfield code="1">0</subfield>
    <subfield code="2">lcc</subfield>
    <subfield code="4">0</subfield>
    <subfield code="7">0</subfield>
    <subfield code="a">WIUC-1</subfield>
    <subfield code="b">WIUC-1</subfield>
    <subfield code="c">GEN</subfield>
    <subfield code="d">2011-10-03</subfield>
    <subfield code="l">0</subfield>
    <subfield code="o">D20 .B42</subfield>
    <subfield code="p">429/11</subfield>
    <subfield code="r">2011-10-03 00:00:00</subfield>
    <subfield code="t">1</subfield>
    <subfield code="w">2011-10-03</subfield>
    <subfield code="y">BK</subfield>
  </datafield>
  <datafield tag="952" ind1=" " ind2=" ">
    <subfield code="0">0</subfield>
    <subfield code="1">0</subfield>
    <subfield code="2">lcc</subfield>
    <subfield code="4">0</subfield>
    <subfield code="7">0</subfield>
    <subfield code="a">WIUC-1</subfield>
    <subfield code="b">WIUC-1</subfield>
    <subfield code="c">GEN</subfield>
    <subfield code="d">2011-10-03</subfield>
    <subfield code="l">0</subfield>
    <subfield code="o">D20 .B421</subfield>
    <subfield code="p">430/11</subfield>
    <subfield code="r">2011-10-03 00:00:00</subfield>
    <subfield code="t">2</subfield>
    <subfield code="w">2011-10-03</subfield>
    <subfield code="y">BK</subfield>
  </datafield>
  <datafield tag="952" ind1=" " ind2=" ">
    <subfield code="0">0</subfield>
    <subfield code="1">0</subfield>
    <subfield code="2">lcc</subfield>
    <subfield code="4">0</subfield>
    <subfield code="7">0</subfield>
    <subfield code="a">WIUC-1</subfield>
    <subfield code="b">WIUC-1</subfield>
    <subfield code="c">GEN</subfield>
    <subfield code="d">2011-10-03</subfield>
    <subfield code="l">0</subfield>
    <subfield code="o">D20 .B422</subfield>
    <subfield code="p">431/11</subfield>
    <subfield code="r">2011-10-03 00:00:00</subfield>
    <subfield code="t">3</subfield>
    <subfield code="w">2011-10-03</subfield>
    <subfield code="y">BK</subfield>
  </datafield>
  <datafield tag="952" ind1=" " ind2=" ">
    <subfield code="0">0</subfield>
    <subfield code="1">0</subfield>
    <subfield code="2">lcc</subfield>
    <subfield code="4">0</subfield>
    <subfield code="7">0</subfield>
    <subfield code="a">WIUC-1</subfield>
    <subfield code="b">WIUC-1</subfield>
    <subfield code="c">GEN</subfield>
    <subfield code="d">2011-10-03</subfield>
    <subfield code="l">0</subfield>
    <subfield code="o">D20 .B423</subfield>
    <subfield code="p">432/11</subfield>
    <subfield code="r">2011-10-03 00:00:00</subfield>
    <subfield code="t">4</subfield>
    <subfield code="w">2011-10-03</subfield>
    <subfield code="y">BK</subfield>
  </datafield>
</record>
